| 000 | 01322nam a2200277 i 4500 | ||
|---|---|---|---|
| 001 | bg | ||
| 003 | KOSZ 005 | ||
| 005 | 20191016111604.0 | ||
| 008 | 070620s1966 pl a f f 001 0 pol | ||
| 015 | _aPB 1966/4754 | ||
| 040 |
_aWA N _cKOSZ 005/RW _dKOSZ 005/RW |
||
| 080 | _a546(075) | ||
| 100 | 1 | _aSołtys, Zdzisław. | |
| 245 | 1 | 0 |
_aChemia nieorganiczna / _cZdzisław Sołtys. |
| 250 | _aWyd. 4 nie zm. | ||
| 260 |
_aWarszawa : _bPaństwowe Wydawnictwo Szkolnictwa Zawodowego, _c1966. |
||
| 300 |
_a[2], 534, [1] s. : _bil. ; _c23 cm. |
||
| 380 | _aKsiążki. | ||
| 504 | _aIndeks. | ||
| 521 | 8 | _aZatwierdzone przez Ministerstwo Oświaty jako książka fachowa dla kl. 1-2 technikum mineralnego i chemicznego wszystkie specjalności, technikum przemysłu spożywczego, specjalność technologia tłuszczów, cukrownictwo, gorzelnictwo, przetwórstwo ziemniaczane, technikum włókieniczego, specjalność chemiczna obróbka włókna i technikum przemysłu skórzanego, specjalność garbarstwo. | |
| 655 | 4 | _aPodręczniki dla szkół zawodowych | |
| 650 | 4 | _aChemia nieorganiczna | |
| 710 | 2 |
_aPaństwowe Wydawnictwo Szkolnictwa Zawodowego _4pbl. |
|
| 856 |
_uhttp://koha.tu.koszalin.pl/cgi-bin/koha/opac-detail.pl?biblionumber=11130 _yKatalog online BPK |
||
| 942 |
_2UKD _cKS |
||
| 999 |
_c11130 _d11130 |
||